Syntagma grammaticum, or an easie, and methodicall explanation of Lillies grammar, : whereby the misterie of this art is more plainely set forth, both for the better helpe of all schoolemaisters, in the true order of teaching, and the schollers farre more easie attainement of the Latine tongue. /

Bibliographic Details
Main Author: Granger, Thomas, b. 1578
Other Authors: Lily, William, 1468?-1522
Format: eBook
Language:English
Published: London, : Printed by Thomas Dawson., 1616.
Series:Early English books online.
Subjects:
Online Access:Connect to the full text of this electronic book
Connect to the full text of this electronic book

MARC

Tag First Indicator Second Indicator Subfields
LEADER 00000nam a2200000 4500
001 in00004197849
005 20200806084051.0
006 m g d
007 cr bn |||a|bb|
008 920220s1616 enk o 00 eng d
035 |a (UnM)99891870 
037 |a CL2105000002  |b ProQuest Information and Learning. 300 N. Zeeb Rd., Ann Arbor, MI 48106 
040 |a Cu-RivES  |c Cu-RivES  |d CStRLIN  |d Cu-RivES  |e dcrb 
100 1 |a Granger, Thomas,  |d b. 1578. 
245 1 0 |a Syntagma grammaticum, or an easie, and methodicall explanation of Lillies grammar, :  |b whereby the misterie of this art is more plainely set forth, both for the better helpe of all schoolemaisters, in the true order of teaching, and the schollers farre more easie attainement of the Latine tongue. /  |c By Thomas Granger maister of Arts. Pet. Coll. Cant. Scientiarum ianitrix grammatica. 
246 2 |a Easie, and methodicall explanation of Lillies grammar 
260 |a London, :  |b Printed by Thomas Dawson.,  |c 1616. 
300 |a 1 online resource ([1]+ pages) 
336 |a text  |b txt  |2 rdacontent 
337 |a computer  |b c  |2 rdamedia 
338 |a online resource  |b cr  |2 rdacarrier 
500 |a A simplified version of William Lily's "An introduction of the eyght partes of speche". 
500 |a Title within illustrative border (McK. and F. 202). 
500 |a Fragments: title pages only. 
500 |a Reproduction of original in the British Library. 
510 4 |a STC (2nd edition)  |c 12183 
510 4 |a Early English books tract supplement interim guide  |c Harl.5921[368] 
533 |a Electronic reproduction.  |b Ann Arbor, Mich. :  |c UMI,  |d 1999-  |f (Early English books online)  |n Digital version of: (Early English books; Tract supplement ; E1:2[187d]; E3:2[75])  |7 s1999 miun s 
650 0 |a Latin language  |x Grammar  |v Early works to 1800. 
655 0 |a Title pages  |z England  |y 17th cent. 
700 1 |a Lily, William,  |d 1468?-1522. 
830 0 |a Early English books online. 
856 4 0 |u http://proxy.library.tamu.edu/login?url=https://search.proquest.com/docview/2248558055  |z Connect to the full text of this electronic book  |t 0 
856 4 0 |u http://proxy.library.tamu.edu/login?url=https://search.proquest.com/docview/2264195873  |z Connect to the full text of this electronic book  |t 0 
999 f f |s 515c51e8-f850-35c5-a325-a64ce2fe4b29  |i 33687f8f-8f50-3a50-a241-8e40a1bd8c8a  |t 0 
952 f f |a Texas A&M University  |b College Station  |c Electronic Resources  |d Available Online  |t 0  |h No information provided 
998 f f |t 0  |l Available Online